|
|
|
|
| LEADER |
00000ny a22000003n 4500 |
| 005 |
20110517103319.0 |
| 008 |
921220u19uu9999cl p b spa d |
| 035 |
|
|
|a 5301
|
| 040 |
|
|
|a SpMaBN
|b spa
|c SIC
|d vLex
|
| 080 |
|
|
|a 336.12
|
| 090 |
|
|
|c 1997
|d 1997
|
| 245 |
3 |
0 |
|a Contralora̕ General de la Repb︢lica
|h [Recurso electrn̤ico]
|
| 246 |
3 |
|
|a Contralora̕ General de la Repb︢lica de Chile
|
| 256 |
|
|
|a Servicio en ln̕ea
|
| 260 |
|
|
|a Santiago de Chile :
|b Contralora̕ General de la Repb︢lica
|
| 650 |
0 |
4 |
|a Administracin̤ pb︢lica
|z Chile
|
| 740 |
0 |
|
|a vLex Revista (Servicios en ln̕ea)
|
| 843 |
|
|
|a Electrn̤ica. Abierta
|
| 853 |
|
|
|8 1
|i (year)
|j (month)
|k (day)
|
| 856 |
4 |
0 |
|z Acceso restringido
|u http://vlex.com/account/login_ip?fuente_id=5301
|
| 942 |
|
|
|c REV
|